| 000 | 00910nam a2200253Ia 4500 | ||
|---|---|---|---|
| 003 | OSt | ||
| 005 | 20221005110535.0 | ||
| 006 | a|||||r|||| 00| 0 | ||
| 007 | ta | ||
| 008 | 221004b |||||||| |||| 00| 0 hin d | ||
| 020 |
_a9788177142730 (hbk) _c750 |
||
| 024 | _a105816 | ||
| 037 |
_b1463, 17/03/2011, Kiran Book Service _cTextual |
||
| 040 |
_aCRL _cCRL _bhin |
||
| 041 |
_2hin _ahin |
||
| 082 | _aO152,3N391,MR, Q0 | ||
| 100 | _aमिश्र, भगवतीशरण | ||
| 245 | 0 | _aमैं राम बोल रहा हूॅं | |
| 246 | _aMaian rām bol rahā hūॅan | ||
| 260 |
_aनई दिल्ली _bप्रकाशन संस्थान भारत _c2010 |
||
| 300 |
_a640पृ0 _ccm. |
||
| 942 |
_hO152,3N391,MR, Q0 _cTEXL _2cc |
||
| 999 |
_c1019135 _d1019135 |
||